The Science, politics and economics of global climate change: Implications for the carbon sink projects (Record no. 45405)

MARC details
000 -LEADER
fixed length control field 00420nam a2200121Ia 4500
100 ## - MAIN ENTRY--AUTHOR NAME
Personal name Jacob James
245 #4 - TITLE STATEMENT
Title The Science, politics and economics of global climate change: Implications for the carbon sink projects
260 ## - PUBLICATION, DISTRIBUTION, ETC. (IMPRINT)
Name of publisher Current Science
Year of publication 2005
300 ## - PHYSICAL DESCRIPTION
Number of Pages 464-474
520 ## - SUMMARY, ETC.
Summary, etc Articles bound received from Dr. James Jacob, Director, March 2021
942 ## - ADDED ENTRY ELEMENTS (KOHA)
Koha item type Reprints
Holdings
Withdrawn status Lost status Damaged status Not for loan Home library Current library Shelving location Date acquired Serial Enumeration / chronology Koha item type
      Reprints RRII Library RRII Library Climate change 22/12/2021 Volume 89, Issue 3 Reprints